000 00613nam a2200169 i 4500
001 80641
003 ES-MaACL
007 t|
008 041029s1941 sp ||||1| spa d
100 1 _aHogben, Lancelot.
_963977
245 1 3 _aLa matemática en la vida del hombre /
_cLancelot Hogben ; ilustraciones de J.F. Horrabin ; traducción directa del inglés por Eduardo Condeminas Abós.
260 _aBarcelona :
_bIberia :
_bJ. Gil,
_c[1941] (
_fLa Neotipia)
300 _a832 p. ;
_c23 cm.
700 1 _aHorrabin, J. F.
_964244
700 1 _aCondeminas Abós, Eduardo.
_940139
852 _aES-MaACL
_jB-9865
_bR.19633
999 _c80641
_d80641